Normal view
MARC view
- Uyguanco, Leandro V., 1906-1984
Entry Personal Name
001 - CONTROL NUMBER
- control field: 5628
003 - CONTROL NUMBER IDENTIFIER
- control field: URS
005 - DATE AND TIME OF LATEST TRANSACTION
- control field: 20230725140450.0
008 - FIXED-LENGTH DATA ELEMENTS
- fixed length control field: 230725|| aca||aabn | a|a d
040 ## - CATALOGING SOURCE
- Original cataloging agency: URS
100 ## - HEADING--PERSONAL NAME
- Personal name: Uyguanco, Leandro V., 1906-1984


































